00325nam a2200133Ia 4500008004100000041000800041082001800049100001700067245003000084260001700114300001200131650002400143650002400167210719s1898 xx 000 0 und d aeng a891.2091 FRAL aFRAZER (R W) aLiterary history of India aLondonc1898 a485bHB aSanskrit Literature aSanskrit Literature